=LDR 00000nam 2200000 4500 =001 INLIS000000000809904 =005 20260413020037 =035 ##$$a 0010-0925000029 =008 260413###########################0#ind## =245 ##$$a Meraih Pahala Besar Dengan Amalan Ringan /$c Muhammad Khair Yusuf =260 ##$$a Jakarta : :$b Darul Haq =084 ##$$a 297.57 MUH =020 ##$$a 9789791254458